French Dictionary: french-english, english-french
Guardado en:
| 格式: | 圖書 |
|---|---|
| 語言: | Undetermined |
| 出版: |
París, Francia
Harper Collins Publishers
1993
|
| 主題: | |
| 標簽: |
添加標簽
沒有標簽, 成為第一個標記此記錄!
|
MARC
| LEADER | 00000nam a2200000Ia 4500 | ||
|---|---|---|---|
| 008 | 170316s9999 xx 000 0 und d | ||
| 020 | |a 2-85036-136-4 | ||
| 040 | |a cru BVZT | ||
| 090 | |a R-413 F-1f FRA-ING | ||
| 130 | |p R-413 F-1f FRA-ING | ||
| 245 | |a French Dictionary: french-english, english-french | ||
| 260 | |a París, Francia | ||
| 260 | |b Harper Collins Publishers | ||
| 260 | |c 1993 | ||
| 300 | |a 321 páginas | ||
| 650 | 0 | |a REFERENCIA |9 27 | |
| 650 | 0 | |a DICCIONARIO |9 28 | |
| 650 | 0 | |a FRANCÉS-INGLÉS |9 107 | |
| 942 | |c REF |2 z | ||
| 999 | |c 14766 |d 14766 | ||



